000 00215nam a22000977a 4500
082 _a894.812.3
_bMAA/K
100 _aMAADAKKARA, SATHYAN
245 _aKAPPALILLATHA THURAMUGHAM
650 _aMALAYALAM STORY
942 _cBK
999 _c7702
_d7702